000 00588nam a2200205Ia 4500
005 20230223145002.0
008 131103s9999 xx 000 0 und d
040 _aLoreto College
041 _aEnglish
082 _a821.08
_bHAY
245 4 _aThe penguin book of English verse
_cedited by John Hayward
260 _aHarmondsworth
_bPenguin Books
_c1956
300 _axxiii,484p.
440 _aPenguin Books series
504 _aIncludes index of first lines and poems
650 _aEnglish Poetry - Collections
700 _aHayward, John, ed.
850 _aLCLIB
942 _cBK
999 _c13051
_d63530